Mitigating Climate Change : Growth-Friendly Policies to Achieve Net Zero Emissions by 2050 /

Background paper prepared for the October 2020 IMF World Economic Outlook. This paper provides a detailed presentation of the simulation results from the October 2020 IMF World Economic Outlook chapter 3 and an additional scenario with carbon pricing only for comparison with the comprehensive policy...

Full description

Bibliographic Details
Main Author: Jaumotte, Florence
Other Authors: Liu, Weifeng, McKibbin, Warwick
Format: Journal
Language:English
Published: Washington, D.C. : International Monetary Fund, 2021.
Series:IMF Working Papers; Working Paper ; No. 2021/195
Subjects:
Online Access:Full text available on IMF
LEADER 02244cas a2200325 a 4500
001 AALejournalIMF022355
008 230101c9999 xx r poo 0 0eng d
020 |c 5.00 USD 
020 |z 9781513592978 
022 |a 1018-5941 
040 |a BD-DhAAL  |c BD-DhAAL 
100 1 |a Jaumotte, Florence. 
245 1 0 |a Mitigating Climate Change :   |b Growth-Friendly Policies to Achieve Net Zero Emissions by 2050 /  |c Florence Jaumotte, Weifeng Liu, Warwick McKibbin. 
264 1 |a Washington, D.C. :  |b International Monetary Fund,  |c 2021. 
300 |a 1 online resource (35 pages) 
490 1 |a IMF Working Papers 
500 |a <strong>Off-Campus Access:</strong> No User ID or Password Required 
500 |a <strong>On-Campus Access:</strong> No User ID or Password Required 
506 |a Electronic access restricted to authorized BRAC University faculty, staff and students 
520 3 |a Background paper prepared for the October 2020 IMF World Economic Outlook. This paper provides a detailed presentation of the simulation results from the October 2020 IMF World Economic Outlook chapter 3 and an additional scenario with carbon pricing only for comparison with the comprehensive policy package where green investments were also included. This paper has greatly benefitted from continuous discussions with Oya Celasun and Benjamin Carton on the design of simulations; contributions from Philip Barrett for part of the simulations; and research support from Jaden Kim. We also received helpful comments from other IMF staff. All remaining errors are ours. McKibbin and Liu acknowledge financial support from the Australian Research Council Centre of Excellence in Population Ageing Research (CE170100005). 
538 |a Mode of access: Internet 
650 7 |a Forecasting and Other Model Applications  |2 imf 
650 7 |a Large Data Sets  |2 imf 
650 7 |a Model Construction and Estimation  |2 imf 
650 7 |a Open Economy Macroeconomics  |2 imf 
650 7 |a Quantitative Policy Modeling  |2 imf 
700 1 |a Liu, Weifeng. 
700 1 |a McKibbin, Warwick. 
830 0 |a IMF Working Papers; Working Paper ;  |v No. 2021/195 
856 4 0 |z Full text available on IMF  |u http://elibrary.imf.org/view/journals/001/2021/195/001.2021.issue-195-en.xml  |z IMF e-Library